| 000 | 00732nam a22002297a 4500 | ||
|---|---|---|---|
| 999 |
_c8444 _d8444 |
||
| 003 | AR-CdUCM | ||
| 008 | 190325b ||||| |||| 00| 0 spa d | ||
| 020 | _a9789978875087 | ||
| 040 |
_aMUNICIPALIDAD PROVINCIAL DEL CUSCO _cBIBLIOTECA MUNICIPAL DEL CUSCO |
||
| 082 |
_a869.625 / _bAV91T |
||
| 100 |
_aAvecillas, Cristian _923697 |
||
| 245 | _aLos tiempos de la humanidad / | ||
| 260 |
_aQuito : _bEl conejo, _c2015. |
||
| 300 |
_a95 páginas ; _c21 cm. |
||
| 500 | _aContiene dedicatoria del autor. | ||
| 650 |
_aPoesía ecuatoriana _91692 |
||
| 650 |
_aPoetas ecuatorianos _923698 |
||
| 650 |
_aPoesía - Ecuador - Siglo XXI _923699 |
||
| 650 |
_aCristian Avecillas - Poemas _923700 |
||
| 942 |
_2ddc _cLIBROS |
||
| 945 | _alccs | ||